Statistics for NHL Network Top 50 Current Players

Click here to take the quiz!

General Stats

  • This quiz has been taken 136 times
  • The average score is 40 of 50

Answer Stats

NumberTeamPositionAnswer% Correct
2PenguinsCSidney Crosby
100%
1OilersCConnor McDavid
99%
4PenguinsCEvgeni Malkin
99%
5CapitalsCAlex Ovechkin
97%
10Maple LeafsCAuston Matthews
96%
8SharksDErik Karlsson
95%
24LightningCSteven Stamkos
95%
50Golden KnightsCWilliam Karlsson
95%
3LightningRWNikita Kucherov
94%
11AvalancheCNathan MacKinnon
93%
12BlackhawksCPatrick Kane
93%
14KingsCAnze Kopitar
91%
13BruinsLWBrad Marchand
91%
6LightningDVictor Hedman
91%
7KingsDDrew Doughty
90%
21Maple LeafsCJohn Tavares
90%
16BruinsCPatrice Bergeron
90%
25StarsCJamie Benn
87%
18SharksDBrent Burns
86%
20StarsCTyler Seguin
86%
22FlyersCClaude Giroux
84%
26JetsRWBlake Wheeler
83%
35FlamesLWJohnny Gaudreau
83%
40KingsGJonathan Quick
82%
42Golden KnightsGMarc-Andre Fleury
80%
39CapitalsCNicklas Backstrom
80%
29CapitalsGBraden Holtby
79%
17JetsCPatrik Laine
79%
34PredatorsDRoman Josi
79%
33PanthersCAlexsander Barkov
78%
9DevilsLWTaylor Hall
78%
45SabresCJack Eichel
77%
38CapitalsDJohn Carlson
77%
30LightningGAndrei Vasilevskiy
76%
43PredatorsGPekka Rinne
76%
23Blue JacketsGSergei Bobrovsky
74%
31BluesRWVladimir Tarasenko
74%
44BruinsRWDavid Pastrnak
73%
19PredatorsDP.K. Subban
73%
27CapitalsCEvgeny Kuznetsov
72%
49IslandersCMathew Barzal
70%
36JetsGConnor Hellebuyck
69%
32Blue JacketsDSeth Jones
68%
48PredatorsLWFilip Forsberg
66%
15JetsCMark Scheifele
64%
37PenguinsRWPhil Kessel
64%
28Blue JacketsLWArtemi Panarin
63%
41BluesDAlex Pietrangelo
58%
46StarsDJohn Klingberg
54%
47JetsDDustin Byfuglien
48%

Score Distribution

Percentile by Number Answered

Percent of People with Each Score

Your Score History

You have not taken this quiz